[Event "89th Hastings Masters 2013-14"]
[Site "Hastings ENG"]
[Date "2013.12.31"]
[Round "4.11"]
[White "Eames, Robert S"]
[Black "Cherniaev, Alexander"]
[Result "1/2-1/2"]
[WhiteTitle "FM"]
[BlackTitle "GM"]
[WhiteElo "2195"]
[BlackElo "2434"]
[WhiteFideId "408743"]
[BlackFideId "4117301"]

1. e4 c5 2. Nf3 d6 3. d4 cxd4 4. Nxd4 Nf6 5. Nc3 g6 6. Be3 a6 7. f3 b5 8. g4 Bb7
9. g5 Nfd7 10. a4 b4 11. Nd5 e6 12. Nxb4 d5 13. c3 dxe4 14. Bg2 Be7 15. h4 h6
16. fxe4 hxg5 17. h5 gxh5 18. Rxh5 Rg8 19. Qe2 Ne5 20. O-O-O Nbd7 21. Rh6 Qa5
22. Nxe6 Bxb4 23. cxb4 Rc8+ 24. Kb1 Qxb4 25. Nxg5 Qxa4 26. Rhd6 Qc4 27. Qf2 Rxg5
28. Bxg5 Bxe4+ 29. Bxe4 Qxe4+ 30. Ka2 1/2-1/2

[Event "89th Hastings Masters 2013-14"]
[Site "Hastings ENG"]
[Date "2013.12.31"]
[Round "4.12"]
[White "Wegerle, Joerg"]
[Black "Brown, Thomas"]
[Result "1-0"]
[WhiteTitle "IM"]
[WhiteElo "2431"]
[BlackElo "2088"]
[WhiteFideId "4644743"]
[BlackFideId "1801430"]

1. d4 c6 2. Nf3 d5 3. e3 g6 4. c4 Nf6 5. Nc3 Bg7 6. Qb3 a6 7. Bd2 O-O 8. a4 a5
9. Be2 e6 10. O-O Ne4 11. Be1 Nxc3 12. Bxc3 Nd7 13. Qc2 dxc4 14. Bxc4 Nb6 15.
Be2 Nd5 16. Bd2 Qe7 17. Rfe1 Bd7 18. Rac1 Rfc8 19. Ne5 Bxe5 20. dxe5 c5 21. b3
Nb4 22. Qc4 Rab8 23. Qg4 h5 24. Qg3 Kh7 25. e4 f6 26. exf6 Qxf6 27. Bg5 Qf7 28.
Bf4 Ra8 29. Rc3 Bc6 30. Bc4 b6 31. Qg5 1-0

[Event "89th Hastings Masters 2013-14"]
[Site "Hastings ENG"]
[Date "2013.12.31"]
[Round "4.13"]
[White "Marusenko, Petr"]
[Black "Sarkar, Justin"]
[Result "0-1"]
[WhiteTitle "IM"]
[BlackTitle "IM"]
[WhiteElo "2189"]
[BlackElo "2425"]
[WhiteFideId "14100606"]
[BlackFideId "2010011"]

1. d4 Nf6 2. c4 e6 3. Nc3 Bb4 4. e3 b6 5. Ne2 c5 6. a3 Ba5 7. Rb1 Na6 8. Bd2 O-O
9. Nf4 Bb7 10. Bd3 Bxc3 11. Bxc3 cxd4 12. exd4 d5 13. b3 Qd6 14. Qc1 Rac8 15.
O-O dxc4 16. bxc4 Be4 17. Bxe4 Nxe4 18. Ba1 Qc7 19. Qe3 Nd6 20. Rbc1 Nxc4 21.
Qg3 Qd6 22. Qg4 g6 23. d5 exd5 24. Rfd1 Rc5 25. Nd3 Rc6 26. Nf4 Rc5 27. Nd3 Rc6
28. Nf4 Nc7 29. Rc3 Re8 30. Rh3 f5 31. Qg3 Re4 32. Rh4 Ne6 33. Nh5 Qxg3 34. Nf6+
Kf8 35. hxg3 Rxh4 36. gxh4 d4 37. Nxh7+ Kg8 38. Ng5 Nxg5 39. hxg5 Nxa3 40. Kf1
Nc2 41. Ke2 Nxa1 42. Rxa1 Rc2+ 43. Kd3 Rxf2 44. Rxa7 Rxg2 45. Kxd4 Rxg5 46. Ke5
Rg2 47. Kf6 f4 0-1

[Event "89th Hastings Masters 2013-14"]
[Site "Hastings ENG"]
[Date "2013.12.31"]
[Round "4.14"]
[White "Foisor, Ovidiu-Doru"]
[Black "Helmer, Christoph"]
[Result "1-0"]
[WhiteTitle "IM"]
[WhiteElo "2397"]
[BlackElo "2037"]
[WhiteFideId "1200143"]
[BlackFideId "24606642"]

1. d4 Nf6 2. c4 g6 3. Nf3 Bg7 4. g3 O-O 5. Bg2 d6 6. O-O c6 7. Nc3 Qa5 8. Qd2
Qa6 9. b3 d5 10. cxd5 cxd5 11. Ne5 Rd8 12. Bb2 Nc6 13. Rfc1 Nxe5 14. dxe5 Ng4
15. Nxd5 Be6 16. Nxe7+ Kh8 17. Nd5 Bh6 18. e3 Rxd5 19. Bxd5 Rd8 20. h3 Rxd5 21.
Qe1 Nxe3 22. fxe3 Qd3 23. Rc3 Qe4 24. Qf2 Kg8 25. Kh2 Bg5 26. Rf1 Rd8 27. h4 Be7
28. Rc2 Qg4 29. Bd4 Qh3+ 30. Kg1 Bd5 31. Qh2 Qg4 32. Qf2 Qe4 33. Kh2 Re8 34. Rc7
h6 35. Qc2 Qg4 36. Rf4 Qe6 37. Qf2 g5 38. Rf5 Be4 39. Rf6 Bxf6 40. Qxf6 Qxf6 41.
exf6 g4 42. Re7 Kf8 43. Bxa7 Rxe7 44. Bc5 h5 45. Kg1 Bb1 46. a3 Bc2 47. b4 b5
48. Kf2 Ke8 49. fxe7 Bg6 50. a4 bxa4 51. b5 Bd3 52. b6 Be4 53. Ke1 Kd7 54. Kd2
f6 55. Kc3 Bg6 56. Kb4 Kc6 57. Kxa4 Be8 58. Kb4 Bf7 59. Kc3 Kb7 60. Kd4 Kc6 61.
Ke4 Bg6+ 62. Kf4 Kd7 63. e4 1-0

[Event "89th Hastings Masters 2013-14"]
[Site "Hastings ENG"]
[Date "2013.12.31"]
[Round "4.15"]
[White "Haria, Ravi"]
[Black "Kipper, Jens"]
[Result "0-1"]
[WhiteElo "2160"]
[BlackElo "2378"]
[WhiteFideId "415820"]
[BlackFideId "4632796"]

1. e4 e6 2. d4 d5 3. Nd2 Nf6 4. e5 Nfd7 5. Bd3 c5 6. c3 Nc6 7. Ngf3 g6 8. h4 h6
9. Bc2 Be7 10. Nb3 b6 11. h5 g5 12. Nh2 Qc7 13. a3 Ba6 14. Be3 O-O-O 15. Ng4 Kb8
16. Qd2 f5 17. exf6 Nxf6 18. Nxf6 Bxf6 19. dxc5 e5 20. cxb6 axb6 21. Bd3 Bxd3
22. Qxd3 d4 23. cxd4 exd4 24. Bd2 Rhe8+ 25. Kf1 Ne5 26. Qb5 Nc4 27. Bb4 Re5 28.
Nc5 Rxc5 29. Bxc5 Qxc5 30. Qxc5 bxc5 31. Rc1 Nxb2 32. Rxc5 d3 33. Rc6 Bg7 34.
Rg6 Bc3 35. g4 d2 36. Kg2 d1=Q 37. Rxd1 Nxd1 38. Rxh6 Rf8 39. Rd6 Nxf2 40. Rd5
Ne4 41. Rd3 Rf2+ 42. Kg1 Rf4 0-1

[Event "89th Hastings Masters 2013-14"]
[Site "Hastings ENG"]
[Date "2013.12.31"]
[Round "4.16"]
[White "Kvisla, Johannes Luangtep"]
[Black "Foisor, Cristina-Adela"]
[Result "0-1"]
[BlackTitle "IM"]
[WhiteElo "2149"]
[BlackElo "2355"]
[WhiteFideId "1504533"]
[BlackFideId "1200496"]

1. e4 e5 2. f4 Qh4+ 3. g3 Qe7 4. d3 d5 5. Nc3 c6 6. fxe5 d4 7. Nce2 Bg4 8. Qd2
Qxe5 9. Qg5 Bb4+ 10. c3 Qxg5 11. Bxg5 dxc3 12. bxc3 Ba5 13. h3 Be6 14. Bd2 Nf6
15. Nf4 Bc7 16. Nf3 Nbd7 17. Ng5 Nc5 18. Be3 h6 19. Ngxe6 Nxe6 20. O-O-O Nxf4
21. gxf4 Nh5 22. e5 Ng3 23. Rg1 Nf5 24. Bf2 g6 25. d4 Ne7 26. Bc4 Nd5 27. Bxd5
cxd5 28. Kc2 Kd7 29. Rb1 b6 30. Kd3 Ke6 31. c4 dxc4+ 32. Kxc4 Rhd8 33. Kd3 Kf5
34. Rbc1 Rd7 35. Rc6 Bd8 36. Rgc1 Rb8 37. h4 h5 38. Ke3 Rbb7 39. Kf3 Rbc7 40. a4
Rxc6 41. Rxc6 Rd5 42. Rc8 Rd7 43. Rc6 Rc7 44. d5 Rxc6 45. dxc6 Ke6 46. Ke4 a6
47. Be1 b5 48. axb5 axb5 49. Kd4 Bb6+ 50. Ke4 Bc5 51. Ba5 Be7 52. Be1 b4 53. Kd3
b3 54. Bf2 Bb4 55. Bb6 Ke7 56. Be3 Kd8 57. Bd4 Be1 58. Ke4 Bxh4 59. f5 gxf5+ 60.
Kxf5 Kc7 61. e6 fxe6+ 62. Kxe6 Kxc6 63. Kf5 Kd5 64. Bb2 Be7 65. Kf4 Kc4 66. Kf3
Kd3 0-1

[Event "89th Hastings Masters 2013-14"]
[Site "Hastings ENG"]
[Date "2013.12.31"]
[Round "4.17"]
[White "Mueller, Constantin"]
[Black "Sowray, Peter J"]
[Result "0-1"]
[BlackTitle "FM"]
[WhiteElo "2047"]
[BlackElo "2326"]
[WhiteFideId "24697630"]
[BlackFideId "400971"]

1. d4 d6 2. c4 g6 3. Nc3 Bg7 4. e4 e5 5. d5 Na6 6. Be2 f5 7. h4 Nf6 8. h5 Nxe4
9. Nxe4 fxe4 10. Be3 Bf5 11. Nh3 Nc5 12. g4 Bd7 13. Bxc5 dxc5 14. Qc2 Qe7 15.
Qxe4 O-O-O 16. Nf4 Qd6 17. Nd3 gxh5 18. gxh5 Bh6 19. b4 cxb4 20. c5 Qe7 21. Qxb4
e4 22. Rb1 b6 23. d6 Qe6 24. Nc1 Bc6 25. Nb3 Qe5 26. Nd4 Ba8 27. Bg4+ Kb8 28.
Ne6 cxd6 29. cxb6 a5 30. Qc4 Rc8 31. Nc7 Bb7 32. Bxc8 Rxc8 33. Na6+ Ka8 34. Nc7+
Kb8 35. Ke2 d5 36. Qc5 Qf4 37. Qc3 d4 38. Qg3 d3+ 39. Kf1 Qxg3 40. fxg3 e3 41.
Rh4 e2+ 42. Ke1 Rf8 43. Rf4 Bxf4 44. gxf4 Rxf4 45. Kd2 Rf1 46. Re1 Bc8 47. Ne8
Bg4 48. h6 Kb7 49. Nd6+ Kxb6 50. Nc4+ Kb5 51. Na3+ Kb4 52. Nb1 Be6 0-1

[Event "89th Hastings Masters 2013-14"]
[Site "Hastings ENG"]
[Date "2013.12.31"]
[Round "4.18"]
[White "Stonehouse, Tom H"]
[Black "Knott, Simon J B"]
[Result "0-1"]
[BlackTitle "IM"]
[WhiteElo "1772"]
[BlackElo "2317"]
[WhiteFideId "423092"]
[BlackFideId "400645"]

1. e4 e6 2. d4 d5 3. Nc3 Bb4 4. e5 c5 5. dxc5 Nc6 6. Nf3 d4 7. a3 Ba5 8. b4 dxc3
9. bxa5 Qxd1+ 10. Kxd1 Nge7 11. Bd3 O-O 12. Rb1 h6 13. Bf4 Nxa5 14. Ke2 Bd7 15.
Nd4 Nd5 16. Bg3 Rfc8 17. Bb5 Bxb5+ 18. Rxb5 b6 19. cxb6 axb6 20. Ra1 Rc4 21. Nb3
Nc6 22. f4 Na7 23. Kd3 Rc7 24. Nd4 Nxb5 25. Nxb5 Rc5 26. Nd6 Ra4 27. f5 Nb4+ 28.
axb4 Rd5+ 29. Kxc3 Rxa1 30. fxe6 fxe6 31. Nc8 Ra3+ 32. Kb2 Rxg3 33. hxg3 Rxe5
34. Nxb6 Rb5 35. Nd7 Rxb4+ 36. Kc3 Rg4 0-1

[Event "89th Hastings Masters 2013-14"]
[Site "Hastings ENG"]
[Date "2013.12.31"]
[Round "4.19"]
[White "Brewer, Callum D"]
[Black "Harvey, Marcus R"]
[Result "0-1"]
[WhiteElo "1693"]
[BlackElo "2269"]
[WhiteFideId "435309"]
[BlackFideId "400092"]

1. e4 e6 2. d4 d5 3. e5 c5 4. c3 Qb6 5. Nf3 Nc6 6. Be2 cxd4 7. cxd4 Nh6 8. Nc3
Nf5 9. Na4 Qa5+ 10. Bd2 Bb4 11. Bc3 Bxc3+ 12. Nxc3 Qb6 13. Bb5 O-O 14. Bxc6 Qxb2
15. Nxd5 exd5 16. Bxd5 Rd8 17. Bb3 Nxd4 18. Nxd4 Rxd4 19. Qb1 Qc3+ 20. Kf1 Bf5
21. Qc1 Qd3+ 22. Kg1 Rc8 23. Qe3 Qxe3 24. fxe3 Rd2 25. Rd1 Rxd1+ 26. Bxd1 Rc1
27. Kf2 Bg4 28. e6 fxe6 29. Bxg4 Rxh1 30. Bxe6+ Kf8 31. Bd5 Rd1 32. Bxb7 Rd2+
33. Kf3 Rxa2 34. Bd5 Rb2 0-1

[Event "89th Hastings Masters 2013-14"]
[Site "Hastings ENG"]
[Date "2013.12.31"]
[Round "4.20"]
[White "Chlost, Marlena"]
[Black "Milliet, Sophie"]
[Result "0-1"]
[WhiteTitle "WFM"]
[BlackTitle "IM"]
[WhiteElo "2167"]
[BlackElo "2387"]
[WhiteFideId "1122657"]
[BlackFideId "623725"]

1. e4 e5 2. Nf3 Nc6 3. Bb5 a6 4. Ba4 Nf6 5. O-O Be7 6. Re1 b5 7. Bb3 O-O 8. h3
Bb7 9. d3 d5 10. exd5 Nxd5 11. Nxe5 Nxe5 12. Rxe5 Qd6 13. Re1 c5 14. Nd2 Rae8
15. a4 Nf6 16. axb5 axb5 17. Nf3 Bd8 18. Be3 Bc7 19. Ra7 Ba8 20. c4 b4 21. Rxa8
Rxa8 22. d4 cxd4 23. Qxd4 Qxd4 24. Bxd4 Rfe8 25. Rd1 Ne4 26. Be3 Bd6 27. Bc2 Bf8
28. Nd2 Nxd2 29. Rxd2 Rec8 30. Bb3 Bc5 31. Bf4 Rd8 32. Kf1 Rxd2 33. Bxd2 Ra1+
34. Ke2 Rb1 35. Ba4 Rxb2 36. f3 Ra2 37. Bb3 Ra3 38. Bd1 b3 39. Kd3 b2+ 0-1

[Event "89th Hastings Masters 2013-14"]
[Site "Hastings ENG"]
[Date "2013.12.31"]
[Round "4.21"]
[White "Mannion, Stephen R"]
[Black "Jaunooby, Ali R"]
[Result "1/2-1/2"]
[WhiteTitle "IM"]
[WhiteElo "2375"]
[BlackElo "2124"]
[WhiteFideId "2400111"]
[BlackFideId "413291"]
[EventDate "2013.12.28"]

1. e4 d5 2. exd5 Nf6 3. Nf3 Nxd5 4. d4 g6 5. Bc4 Bg7 6. O-O O-O 7. h3 Nc6 8. c3
h6 9. Re1 Be6 10. Nbd2 Rc8 11. Bf1 Nb6 12. Ne4 Bc4 13. Nc5 Rb8 14. Bxc4 Nxc4 15.
Qe2 Qd5 16. b3 N4e5 17. Nxe5 Nxe5 18. Bf4 Nc6 19. Qe4 Qxe4 20. Rxe4 Rfc8 21. d5
Nb4 22. cxb4 Bxa1 23. Rxe7 b6 24. Na6 Re8 25. Rxc7 Rbd8 1/2-1/2

[Event "89th Hastings Masters 2013-14"]
[Site "Hastings ENG"]
[Date "2013.12.31"]
[Round "4.22"]
[White "Radovanovic, Jovica"]
[Black "Bianco, Valerio"]
[Result "1-0"]
[WhiteTitle "FM"]
[WhiteElo "2339"]
[BlackElo "2151"]
[WhiteFideId "915912"]
[BlackFideId "800600"]
[EventDate "2013.12.28"]

1. d4 d5 2. Nf3 Nf6 3. c4 c6 4. e3 e6 5. Bd3 Nbd7 6. O-O dxc4 7. Bxc4 Bd6 8. Qe2
O-O 9. e4 e5 10. Bg5 Qe7 11. d5 cxd5 12. Bxd5 h6 13. Bxf6 Nxf6 14. Nc3 Bb4 15.
Rad1 Bxc3 16. bxc3 Bg4 17. c4 Rad8 18. h3 Bxf3 19. Qxf3 b6 20. a4 a5 21. Rb1 Rd6
22. Rb5 Nd7 23. Qa3 Re8 24. Rfb1 Rg6 25. Qf3 Qf6 26. Qe2 Qg5 27. g3 Qe7 28. c5
Nxc5 29. Rxb6 Rxb6 30. Rxb6 Rc8 31. Qg4 Qf8 32. Rxh6 Nd7 33. Qg6 Nf6 34. Bxf7+
Qxf7 35. Rh8+ Kxh8 36. Qxf7 Rc1+ 37. Kg2 Re1 38. g4 Nxe4 39. Qe8+ Kh7 40. Qxe5 1-0

[Event "89th Hastings Masters 2013-14"]
[Site "Hastings ENG"]
[Date "2013.12.31"]
[Round "4.23"]
[White "Mu, Ke"]
[Black "Lenier, Jude A"]
[Result "1-0"]
[WhiteElo "2302"]
[BlackElo "2082"]
[WhiteFideId "8602778"]
[BlackFideId "470678"]
[EventDate "2013.12.28"]

1. c4 Nf6 2. Nc3 g6 3. g3 Bg7 4. Bg2 O-O 5. d4 d6 6. Nf3 Nbd7 7. O-O e5 8. e4
Re8 9. h3 exd4 10. Nxd4 Ne5 11. b3 Bd7 12. Be3 a6 13. a4 Rb8 14. Re1 Qc8 15. Kh2
c5 16. Nde2 Bc6 17. Ra2 b5 18. cxb5 axb5 19. axb5 Bxb5 20. Nxb5 Rxb5 21. Qxd6
Rxb3 22. Nc1 Rb5 23. Qd1 c4 24. f4 Neg4+ 25. hxg4 Nxg4+ 26. Kg1 Nxe3 27. Rxe3
Qc5 28. Re2 Bd4 29. Kf2 Rd8 30. Kf3 Rd6 31. Qc2 c3 32. Rd3 Rb2 33. Qa4 f5 34.
Qa8+ Kg7 35. exf5 Ra6 36. Qe4 Rxe2 37. Nxe2 Bg1 38. Nxg1 Ra7 39. Qe5+ Qxe5 40.
fxe5 Ra3 41. f6+ Kf7 42. Ne2 c2 43. Rxa3 1-0

[Event "89th Hastings Masters 2013-14"]
[Site "Hastings ENG"]
[Date "2013.12.31"]
[Round "4.24"]
[White "Prosviriakov, Vladimir"]
[Black "Pettersen, Joar Gullestad"]
[Result "0-1"]
[WhiteTitle "IM"]
[WhiteElo "2282"]
[BlackElo "2013"]
[WhiteFideId "2004860"]
[BlackFideId "1505890"]
[EventDate "2013.12.28"]

1. d4 Nf6 2. Nf3 c5 3. e3 b6 4. Bd3 g6 5. O-O Bg7 6. c4 O-O 7. Nc3 d6 8. b3 Nbd7
9. Bb2 Bb7 10. Qc2 Bxf3 11. gxf3 cxd4 12. exd4 Nh5 13. Be4 Rc8 14. Qd2 e5 15.
Ne2 Qh4 16. Kh1 Bh6 17. Qxh6 Ng3+ 18. fxg3 Qxh6 19. f4 Nf6 20. Bg2 Ng4 21. h3
Ne3 22. Rf2 Nxg2 23. Kxg2 f6 24. Nc3 exf4 25. Rxf4 Rce8 26. Raf1 f5 27. R4f2 Qe3
28. Nd5 Qd3 29. Ba3 Qe4+ 30. Kh2 Rd8 31. Bc1 Kg7 32. Nf4 Rfe8 33. d5 Kg8 34. Bd2
Rc8 35. h4 b5 36. cxb5 Rc2 37. Kh3 Rec8 38. Re1 Qd4 39. Ree2 Qb2 40. Bb4 Qxa2
41. Bxd6 Qb1 42. Rxc2 Rxc2 43. Rxc2 Qxc2 44. Bb8 Qc5 45. Kg2 Qb6 46. Be5 Qxb5
47. Kf2 a5 48. Kg2 Kf7 49. Bc7 Qxb3 50. d6 Qc2+ 51. Kf3 a4 0-1

[Event "89th Hastings Masters 2013-14"]
[Site "Hastings ENG"]
[Date "2013.12.31"]
[Round "4.25"]
[White "Cafferty, Bernard"]
[Black "Jackson, James P"]
[Result "1/2-1/2"]
[WhiteTitle "FM"]
[WhiteElo "2081"]
[BlackElo "2282"]
[WhiteFideId "401005"]
[BlackFideId "416860"]
[EventDate "2013.12.28"]

1. c4 Nf6 2. Nc3 c5 3. Nf3 e6 4. e3 d5 5. d4 Nc6 6. a3 a6 7. Bd3 Bd6 8. O-O O-O
9. Qe2 dxc4 10. Bxc4 b5 11. Bd3 Bb7 12. Rd1 cxd4 13. exd4 Ne7 14. Bg5 Ned5 15.
Nxd5 Bxd5 16. Rac1 Be7 17. Ne5 Rc8 18. h3 Re8 19. Bxf6 Bxf6 20. Bxh7+ Kxh7 21.
Qh5+ 1/2-1/2

[Event "89th Hastings Masters 2013-14"]
[Site "Hastings ENG"]
[Date "2013.12.31"]
[Round "4.26"]
[White "Villiers, Thomas"]
[Black "Rowe, Duane"]
[Result "1-0"]
[BlackTitle "CM"]
[WhiteElo "2078"]
[BlackElo "2218"]
[WhiteFideId "427209"]
[BlackFideId "7400268"]
[EventDate "2013.12.28"]

1. c4 Nf6 2. g3 e6 3. Nf3 b6 4. Bg2 Bb7 5. O-O c5 6. b3 Be7 7. Bb2 O-O 8. Nc3 d6
9. Re1 a6 10. d4 cxd4 11. Qxd4 Qc7 12. e4 Nc6 13. Qd2 Rad8 14. Rac1 Ne5 15. Nd4
Qb8 16. f4 Nc6 17. Nc2 Na7 18. Ne3 Qa8 19. a4 Rfe8 20. Qc2 Nc6 21. Rcd1 Nb4 22.
Qd2 Nc6 23. Bf3 Bf8 24. Qg2 Ne7 25. h4 Rd7 26. Re2 Red8 27. Red2 h5 28. Ba3 Nf5
29. Nxf5 exf5 30. Nd5 Bxd5 31. exd5 b5 32. axb5 axb5 33. Bb2 Ng4 34. Bxg4 hxg4
35. Ra1 Qb8 36. Bd4 Rb7 37. Rb2 Re8 38. Re2 bxc4 39. bxc4 Rb3 40. Kh2 Rd3 41.
Ba7 Qc8 42. Rc1 Qd7 43. Bg1 Qc8 44. Rcc2 Rf3 45. Bd4 Re4 46. Red2 Kh7 47. c5
dxc5 48. Bxc5 Bxc5 49. d6 Qd7 50. Rxc5 Re6 51. Rc7 Qd8 52. d7 Qxc7 53. d8=Q Qxd8
54. Rxd8 Rfe3 55. Rd2 R6e4 56. Qf1 Rb4 57. Qa6 Rbb3 58. Qc8 Re6 59. Qd7 Kg6 60.
h5+ Kh6 61. Qxf7 1-0

[Event "89th Hastings Masters 2013-14"]
[Site "Hastings ENG"]
[Date "2013.12.31"]
[Round "4.27"]
[White "Degro, Heiko"]
[Black "Foisor, Mihaela-Veronica"]
[Result "0-1"]
[BlackTitle "WIM"]
[WhiteElo "2060"]
[BlackElo "2216"]
[WhiteFideId "24666122"]
[BlackFideId "2270757"]
[EventDate "2013.12.28"]

1. Nf3 d5 2. d4 Nf6 3. c4 dxc4 4. e3 e6 5. Bxc4 c5 6. O-O a6 7. a4 Nc6 8. Qe2
Be7 9. Rd1 Qc7 10. Nc3 O-O 11. dxc5 Bxc5 12. e4 Ng4 13. Rf1 Nd4 0-1

[Event "89th Hastings Masters 2013-14"]
[Site "Hastings ENG"]
[Date "2013.12.31"]
[Round "4.28"]
[White "Taylor, Adam C"]
[Black "Anderson, John"]
[Result "1/2-1/2"]
[WhiteElo "2025"]
[BlackElo "2195"]
[WhiteFideId "424668"]
[BlackFideId "405353"]
[EventDate "2013.12.28"]

1. g3 Nf6 2. Bg2 e5 3. c4 d5 4. cxd5 Nxd5 5. Nc3 Nb6 6. Nf3 Nc6 7. a3 Be7 8. b4
Be6 9. O-O O-O 10. d3 f6 11. Bb2 a5 12. b5 Nd4 13. Nxd4 exd4 14. Na4 Bd5 15.
Nxb6 cxb6 16. Qa4 Bxg2 17. Kxg2 Bc5 18. e4 Qd6 19. f4 Kh8 20. h3 Rae8 21. Qc4
Rc8 22. Qb3 h6 23. Rf2 Rfe8 24. Rc2 Rc7 25. Rc4 f5 26. e5 Qd5+ 27. Kh2 g5 28.
Bc1 Rg7 29. Qd1 Re6 30. Qh1 Qd7 31. a4 Reg6 32. Qe1 g4 33. h4 Qd5 34. Bd2 h5 35.
Qh1 Qf3 36. Qxf3 gxf3 37. Be1 Kg8 38. Bf2 Kf7 39. Rf1 Ke6 1/2-1/2

[Event "89th Hastings Masters 2013-14"]
[Site "Hastings ENG"]
[Date "2013.12.31"]
[Round "4.29"]
[White "Rayner, Francis"]
[Black "Young, Mel J"]
[Result "1/2-1/2"]
[WhiteElo "2192"]
[BlackElo "1902"]
[WhiteFideId "1800132"]
[BlackFideId "410357"]
[EventDate "2013.12.28"]

1. Nf3 f5 2. d3 Nf6 3. e4 d6 4. Nc3 e5 5. exf5 Bxf5 6. d4 Nbd7 7. Bc4 c6 8. dxe5
Nxe5 9. Nxe5 dxe5 10. Qe2 Qe7 11. O-O O-O-O 12. Bg5 h6 13. Bh4 Rd4 14. Bg3 Bg4
15. f3 Qc5 16. Kh1 Qxc4 17. Qxc4 Rxc4 18. fxg4 Nxg4 19. h3 Ne3 20. Rf7 Bd6 21.
Re1 1/2-1/2

[Event "89th Hastings Masters 2013-14"]
[Site "Hastings ENG"]
[Date "2013.12.31"]
[Round "4.30"]
[White "Wadsworth, Matthew J"]
[Black "Taylor, Adam A"]
[Result "1-0"]
[WhiteElo "2188"]
[BlackElo "1983"]
[WhiteFideId "415804"]
[BlackFideId "415790"]
[EventDate "2013.12.28"]

1. c4 c5 2. g3 Nc6 3. Bg2 g6 4. Nc3 Bg7 5. a3 b6 6. b4 Bb7 7. Rb1 Rb8 8. Nf3 e6
9. e4 Nge7 10. O-O O-O 11. Ne2 d5 12. exd5 exd5 13. d3 Qd7 14. bxc5 bxc5 15. Be3
dxc4 16. dxc4 Nd4 17. Nexd4 cxd4 18. Bf4 Bxf3 19. Qxf3 Rxb1 20. Rxb1 Qf5 21. Re1
Nc8 22. Qc6 g5 23. Bd2 a5 24. Be4 Qf6 25. Bxa5 Nd6 26. Bb4 Nxe4 27. Qxe4 Rc8 28.
Qb7 Qf5 29. f3 g4 30. fxg4 Qxg4 31. Rf1 d3 32. Qxf7+ Kh8 33. Qf4 Qe2 34. Rf2 Qe6
35. c5 Rd8 36. Qd2 Qc4 37. Rf4 Qc2 38. Rf1 Qc4 39. Kh1 Re8 40. Re1 Rf8 1-0

[Event "89th Hastings Masters 2013-14"]
[Site "Hastings ENG"]
[Date "2013.12.31"]
[Round "4.31"]
[White "Halfhide, Sebastian"]
[Black "Atkins, Rita"]
[Result "0-1"]
[BlackTitle "WIM"]
[WhiteElo "1916"]
[BlackElo "2176"]
[WhiteFideId "1045946"]
[BlackFideId "408050"]
[EventDate "2013.12.28"]

1. c4 d6 2. Nc3 e5 3. g3 Be7 4. Bg2 Nf6 5. e4 O-O 6. Nge2 Nbd7 7. O-O c6 8. d4
Re8 9. b3 a6 10. Be3 Rb8 11. a4 b6 12. d5 c5 13. Nc1 Nf8 14. Nd3 Ng4 15. Bd2 Bg5
16. h3 Bxd2 17. Qxd2 Nh6 18. f4 exf4 19. gxf4 Qh4 20. f5 Nd7 21. Rae1 Ne5 22.
Nxe5 Rxe5 23. Qf2 Qf6 24. Qg3 Bd7 25. Qd3 Rbe8 26. Re2 Kh8 27. Qd2 Qh4 28. Rf4
Qg5 29. Rff2 Qd8 30. Kh2 Ng8 31. Bf3 Nf6 32. Rg2 Rg8 33. Rg1 g6 34. fxg6 Rxg6
35. Rxg6 fxg6 36. Qf4 g5 37. Qg3 g4 38. Rg2 Nh5 39. Qf2 gxf3 40. Qxf3 Qf6 41.
Qe3 Qf4+ 42. Qxf4 Nxf4 43. Rf2 Rh5 44. Rxf4 Rxh3+ 45. Kg2 Rxc3 46. Rf6 Rxb3 47.
Rxd6 Bxa4 48. e5 Kg7 49. e6 Kf6 50. Rd8 Re3 51. Rf8+ Ke5 52. Rh8 Kd4 53. Rxh7
Kxc4 54. Rh5 Re4 55. Rh6 Kxd5 56. e7 Rxe7 57. Rxb6 Bb5 0-1

[Event "89th Hastings Masters 2013-14"]
[Site "Hastings ENG"]
[Date "2013.12.31"]
[Round "4.32"]
[White "Erzhanov, Arman"]
[Black "Oyama, Akito"]
[Result "1-0"]
[WhiteTitle "FM"]
[WhiteElo "2325"]
[BlackElo "1998"]
[WhiteFideId "4138821"]
[BlackFideId "7001630"]
[EventDate "2013.12.28"]

1. e4 c5 2. Nf3 Nc6 3. Bb5 Qc7 4. O-O a6 5. Bxc6 dxc6 6. a4 a5 7. d4 cxd4 8.
Qxd4 Bg4 9. Nbd2 Rd8 10. Qe3 e5 11. Nc4 Bxf3 12. gxf3 g6 13. Qc3 f6 14. Qxa5 Qd7
15. Kg2 Qd4 16. Ne3 Bb4 17. Qc7 Qd7 18. Qxd7+ Rxd7 19. Nc4 Bc5 20. Be3 Bxe3 21.
fxe3 Nh6 22. Rfd1 Ke7 23. Rxd7+ Kxd7 24. Rd1+ Kc7 25. f4 Re8 26. Kf3 Nf7 27. b3
b5 28. axb5 cxb5 29. Nd2 Nd6 30. c4 b4 31. Ra1 exf4 32. exf4 Nb7 33. Ra4 Rd8 34.
Ke2 Nc5 35. Ra7+ Kb6 36. Rxh7 Nd3 37. Rh4 Nc1+ 38. Ke1 Rd3 39. Rh6 Nxb3 40. Nxb3
Rxb3 41. e5 fxe5 42. f5 Kc5 43. fxg6 Rb1+ 44. Kf2 Rb2+ 45. Kg3 Rb1 46. Kg2 Rb2+
47. Kg1 Rb1+ 48. Kg2 Rb2+ 49. Kh3 Rb1 50. Rh4 Rd1 51. g7 Rd8 52. Rh8 1-0

[Event "89th Hastings Masters 2013-14"]
[Site "Hastings ENG"]
[Date "2013.12.31"]
[Round "4.33"]
[White "Pickersgill, Adrian O"]
[Black "Strugnell, Carl"]
[Result "1/2-1/2"]
[BlackTitle "FM"]
[WhiteElo "1988"]
[BlackElo "2291"]
[WhiteFideId "404519"]
[BlackFideId "616753"]
[EventDate "2013.12.28"]

1. e4 c5 2. Nc3 d6 3. f4 Nc6 4. Nf3 g6 5. Bb5 Bd7 6. d3 Bg7 7. O-O Nh6 8. Qe1
Nd4 9. Bxd7+ Qxd7 10. Nxd4 cxd4 11. Ne2 f5 12. h3 Rc8 13. c3 dxc3 14. Nxc3 O-O
15. e5 dxe5 16. fxe5 e6 17. Qh4 Nf7 18. Be3 Nxe5 19. Bxa7 Qxd3 20. Rfd1 Qc4 21.
Rd4 Qa6 22. Ra4 Qc6 23. Bd4 Nd3 24. Bxg7 Kxg7 25. Qd4+ e5 26. Qxd3 Qb6+ 27. Kh2
Qxb2 28. Qd7+ Rf7 29. Qxc8 Qxa1 30. Ra8 Kh6 31. Ne2 Qe1 32. Qc1+ Qxc1 33. Nxc1
Rc7 34. Nb3 Kg5 35. Ra5 Kf6 36. Rc5 Rd7 37. Kg3 f4+ 38. Kf3 Rd3+ 39. Kf2 Rd7 40.
Ke2 Kf5 41. Rb5 g5 42. a4 h5 43. Nc5 Rc7 44. a5 g4 45. h4 Rc6 46. Nd3 Rc2+ 47.
Kd1 Rxg2 48. Rxe5+ Kf6 49. Nxf4 Rf2 50. Nd3 Rf3 51. Rd5 Ke6 52. Rd8 Ke7 53. Rd4
Rf5 54. Rb4 Rxa5 55. Rxb7+ Kf6 56. Ke2 Ra2+ 57. Rb2 Ra4 58. Ke3 g3 59. Nf4 Kf5
60. Nxh5 Ra3+ 61. Kd4 Kg4 62. Nxg3 1/2-1/2